Βασικές γνώσεις κοινωνιολογίας

Saved in:
Bibliographic Details
Main Author: Φακιόλας, Νίκος
Format: Book
Language:Greek
Published: Αθήνα : Παπαζήσης, 1978
Subjects:
Tags: Add Tag
No Tags, Be the first to tag this record!

MARC

LEADER 00000nam a2200000 i 4500
001 1/86106
008 950412s1978 gre d
035 |a 1986  |c Αγορά  |l 10034884 
040 |a GR-MY-UA  |b gre  |e aacr 
041 0 |a gre 
082 0 |a 301 
100 1 |a Φακιόλας, Νίκος. 
245 1 0 |a Βασικές γνώσεις κοινωνιολογίας /  |c Νίκος Φακιόλας 
260 |a Αθήνα :   |b Παπαζήσης,   |c 1978 
300 |a 413 σ. 
504 |a Περιέχει βιβλιογραφία 
650 0 0 |a Sociology. 
650 0 0 |a Sociology  |z Greece. 
650 0 0 |a Sociology  |x Research. 
650 0 0 |a Sociology  |x Methodology. 
852 |a INST  |b CHIOS  |e 19960401  |h 301 ΦΑΚ  |p 005200006591  |q 005200006591  |t BK  |y 0 
852 |a INST  |b LESVOS  |e 19950412  |h 301 ΦΑΚ  |p 005100001710  |q 005100001710  |t BK  |y 0 
852 |a INST  |b RHODES  |e 19960702  |h 301 ΦΑΚ  |p 005400004654  |q 005400004654  |t BK  |y 0 
909 |a Ρ  |b 003668  |c 1986 
909 |a Λ  |b 011149 
909 |a Χ  |b 001896